Instrumentaľnyje stali /

Gespeichert in:
Bibliographische Detailangaben
1. Verfasser: Geller, Jurij A (Verfasst von)
Format: Buch
Sprache:Russisch
Veröffentlicht: Moskva : Metallurgizdat, 1961
Ausgabe:2.pererab.izd.
Schlagworte:
Tags: Tag hinzufügen
Keine Tags, Fügen Sie das erste Tag hinzu!

MARC

LEADER 00000nam a22000003a 4500
001 stu36397
005 20150617225728.3
008 920603s1961----xxr-----------------rus-d
040 |a STU  |b slo 
041 0 |a rus 
044 |a xxr 
080 |a 669.14.018.25 
100 1 |a Geller, Jurij A  |4 aut 
245 1 |a Instrumentaľnyje stali /  |c [aut.]Jurij A. Geller 
250 |a 2.pererab.izd. 
260 |a Moskva :  |b Metallurgizdat,  |c 1961 
300 |a 510 s 
650 7 |a Oceľ nástrojová  |2 stusub 
996 |b 284M016118  |c M*3923-1  |l MMKN  |s A  |a 24  |w stu36397_0001